Galileo Galilei / (Record no. 799474)

MARC details
000 -LEADER
fixed length control field 00762nam a22002417r 4500
003 - CONTROL NUMBER IDENTIFIER
control field 3228
005 - DATE AND TIME OF LATEST TRANSACTION
control field 20260602161911.0
008 - FIXED-LENGTH DATA ELEMENTS--GENERAL INFORMATION
fixed length control field 260602b sa ||||| |||| 00| 0 eng d
020 ## - INTERNATIONAL STANDARD BOOK NUMBER
International Standard Book Number 9781398201309 (hardback)
040 ## - CATALOGING SOURCE
Original cataloging agency MPL
Language of cataloging eng
Transcribing agency 3228
Description conventions Resource Description and Access
041 ## - LANGUAGE CODE
Language code of text/sound track or separate title English
082 #0 - DEWEY DECIMAL CLASSIFICATION NUMBER
Classification number J 920 GALI
100 ## - MAIN ENTRY--PERSONAL NAME
9 (RLIN) 199663
Personal name Croy, Anita
Relator term author
245 ## - TITLE STATEMENT
Title Galileo Galilei /
Statement of responsibility, etc. Anita Croy
260 ## - PUBLICATION, DISTRIBUTION, ETC.
Place of publication, distribution, etc. Oxford :
Name of publisher, distributor, etc. Raintree ,
Date of publication, distribution, etc. ©2021.
300 ## - PHYSICAL DESCRIPTION
Extent 64 pages :
Other physical details illustrations ; photographs ;
Dimensions 23 cm
490 ## - SERIES STATEMENT
Series statement Extraordinary Scientists
600 #0 - SUBJECT ADDED ENTRY--PERSONAL NAME
9 (RLIN) 199669
Personal name Galilei, Galileo
Dates associated with a name 1564-1642
650 #0 - SUBJECT ADDED ENTRY--TOPICAL TERM
9 (RLIN) 199665
Topical term or geographic name entry element Scientists
Form subdivision Biography
Geographic subdivision Italy
650 #0 - SUBJECT ADDED ENTRY--TOPICAL TERM
9 (RLIN) 199666
Topical term or geographic name entry element Astronomers
Form subdivision Biography
Geographic subdivision Italy
650 #0 - SUBJECT ADDED ENTRY--TOPICAL TERM
9 (RLIN) 199667
Topical term or geographic name entry element Physicists
Form subdivision Biography
Geographic subdivision Italy
942 ## - ADDED ENTRY ELEMENTS
Source of classification or shelving scheme Dewey Decimal Classification
item type Books
-- 296
-- Phillipina Naude
-- 296
-- Phillipina Naude
Holdings
Withdrawn status Lost status Source of classification or shelving scheme Damaged status Not for loan Collection code Home library Current library Shelving location Date acquired Total Checkouts Full call number Barcode Date last seen Price effective from item type Public note
    Dewey Decimal Classification     900: History & Geography eMalahleni Main PL (MMID-PLEM) eMalahleni Main PL (MMID-PLEM) Non Fiction 02.06.2026   J 920 GALI 3228200028327 02.06.2026 02.06.2026 Books 799474